[Event "Presidents Cup "]
[Site "Elista"]
[Date "1998.05.15"]
[Round "3.4"]
[White "Dreev, Alexey"]
[Black "Salov, Valery"]
[Result "1/2-1/2"]
[WhiteElo "2630"]
[BlackElo "2680"]
[Annotator "Golod,V"]
[PlyCount "72"]
[EventDate "1998.05.07"]
[EventType "k.o."]
[EventRounds "6"]
[EventCountry "RUS"]
[SourceTitle "CBM 065"]
[Source "ChessBase"]
[SourceDate "1998.08.06"]
[SourceVersion "1"]
[SourceVersionDate "1998.08.06"]
[SourceQuality "1"]

1. d4 Nf6 2. c4 e6 3. Nc3 Bb4 4. Qc2 O-O 5. a3 Bxc3+ 6. Qxc3 b6 7. Bg5 Bb7 8.
e3 d6 9. Nf3 Nbd7 10. Nd2 c5 $5 (10... e5 $5) 11. f3 (11. dxc5 $143 bxc5 12.
Bd3 (12. f3 $143 a5 13. Bd3 a4 14. O-O Qa5 15. Qc2 h6 16. Bf4 d5 17. e4 e5 18.
Bg3 d4 19. Rfb1 Ra6 20. Be1 Qc7 21. b4 axb3 22. Rxb3 Bc6 23. Qb2 Rfa8 $15 {
Remlinger,L-Ekstroem,R/American op 1995/1/2-1/2 (60)}) 12... Qb6 (12... Bxg2 $6
13. Rg1 Bb7 14. Bh6 g6 15. Bxf8 Qxf8 $14) 13. O-O a5 14. Qc2 Rab8 15. Rfd1 Bc6
16. Rab1 a4 17. Ne4 Nxe4 18. Bxe4 Bxe4 19. Qxe4 Rfe8 20. Bf4 e5 21. Bg3 $14 {
Ostenstad,B-Johannessen,L/NOR-ch 1996/1/2-1/2 (73)}) 11... d5 (11... h6 $5 12.
Bh4 Rc8 13. dxc5 Nxc5 14. b4 Ncd7 15. Qd4 Qc7 16. Be2 d5 17. O-O Qe5 18. Qxe5
Nxe5 19. Rfc1 $14 dxc4 20. Nxc4 Nxc4 21. Bxc4 Nd5 22. e4 Ne3 23. Bb3 Ba6 24.
Bf2 Nc4 25. a4 Nd2 26. Bd1 Bd3 27. Be3 Nc4 28. Rc3 Rfd8 29. Rac1 a6 30. Bb3 b5
31. axb5 {1/2-1/2 Chekhov,V-Wojtkiewicz,A/POL-chT 1995}) (11... Rc8 $5 12. dxc5
Rxc5 13. Bh4 d5 14. b4 Rc8 15. Qb2 Qc7 16. Bg3 e5 17. Be2 Nh5 18. Bf2 d4 (18...
dxc4 $5 19. Nxc4 Bd5 20. Nd2 f5 21. O-O Qc3 22. Qxc3 Rxc3 23. Rfd1 Nhf6 24. Ba6
{1/2-1/2 Hillarp Persson,T-Petursson,M/Aruna 1997}) 19. O-O dxe3 20. Bxe3 Nf4
21. Bxf4 exf4 22. Nb3 Rfe8 23. Rfd1 Re3 24. Rd2 Qe5 25. Rad1 Qxb2 26. Rxb2 $14
{1-0 Chekhov,V-Onischuk,A/BL2-N 1996 (38)}) (11... cxd4 $5 12. Qxd4 Qc7 13. Be2
e5 14. Qd3 d5 (14... Nc5 $5 15. Qc3 Ne8 16. O-O Ne6 17. Bh4 Rc8 18. Rad1 f5 $13
) 15. O-O Rac8 (15... dxc4 16. Nxc4 e4 17. Qd6 $14) 16. Rac1 h6 17. Bh4 dxc4 (
17... Ba6 18. b4 Rfd8 19. Qf5 $14) 18. Nxc4 Bd5 $6 (18... e4 19. Qd6 exf3 20.
gxf3 Ba6 21. Rfd1 $14) (18... Rfd8 $5 19. Qd6 Ba6) 19. e4 $1 $14 {Shirov,
A-Onischuk,A/Fontys 1997/1-0 (50)}) 12. cxd5 $5 $146 (12. dxc5 bxc5 (12... Nxc5
$2 13. cxd5 Bxd5 14. e4 Bb7 15. e5 h6 16. exf6 hxg5 17. fxg7 Re8 18. Bb5 Rc8
19. Rd1 $16) 13. Bd3 Qb6 (13... h6 $5 14. Bh4 Qb6 15. Bf2 a5 16. b3) 14. O-O h6
15. Bh4 a5 16. Bf2 (16. b3 $143 a4 17. Rab1 axb3 18. Qxb3 Qxb3 19. Rxb3 Ba6 $13
) 16... a4 17. Rfe1 Rfe8 18. Rab1 $5 (18. cxd5 $143 exd5 19. e4 dxe4 20. Nxe4
Nxe4 21. Bxe4 Bxe4 22. fxe4 Rab8 $11) 18... Ba6 19. Qc2 {+/=/= Kramnik,V-Anand,
V/Linares 1998/1/2-1/2(34)} (19. Bf1 $5)) 12... exd5 (12... Nxd5 $2 13. Bxd8
Nxc3 14. Bxb6 {+/=/+/-}) 13. Bb5 (13. Bd3 $143 h6 14. Bh4 Re8 $15 {[%csl Re3]
[%cal Ge8e3]}) 13... Qc8 $5 {/\Ba6} 14. Rc1 (14. O-O a6 $5 (14... Ba6 $2 15.
Bxa6 Qxa6 16. Bxf6 $16 {[%csl Rc5][%cal Yd7c5,Yd7f6]}) (14... Bc6 $5) 15. Ba4
b5 16. Bb3 c4 17. Bc2 Re8 $14) 14... Ba6 15. a4 $5 $13 (15. Bxa6 $6 Qxa6 16.
Bxf6 (16. Kf2 $5 {/\Rhe1}) 16... Nxf6 17. dxc5 bxc5 18. Qxc5 $4 Rac8 $19 {
[%csl Rc1][%cal Gc8c1]}) 15... Bxb5 16. axb5 a6 $5 (16... cxd4 $144 $5 17. exd4
$8 (17. Qxc8 $4 Raxc8 18. Rxc8 Rxc8 19. exd4 $2 (19. Kf2 $17) 19... Rc1+ $19)
17... Re8+ 18. Kf2 Qd8 $5 $13 {[%csl Rg5][%cal Gf6g4] /\Ng4+}) 17. Bxf6 $5 {
[%csl Rc5][%cal Yd7c5,Yd7f6]} (17. bxa6 $143 Qxa6 18. Kf2 $15 (18. Bxf6 Nxf6
19. dxc5 bxc5 $17 20. Qxc5 $4 Rac8 $19)) (17. O-O $143 axb5 18. Bxf6 b4 $1 19.
Qc2 Nxf6 (19... gxf6 $5) 20. dxc5 bxc5 21. Qxc5 Qxc5 22. Rxc5 $11) 17... Nxf6
18. dxc5 (18. bxa6 $2 Qxa6 19. Kf2 $15) 18... bxc5 $5 (18... Qxc5 19. bxa6 Rxa6
20. O-O $11) 19. Qxc5 $5 (19. bxa6 $2 Qxa6 20. Kf2 Rfc8 $15) (19. O-O $5 Re8
$11 {[%csl Re3]}) 19... Qe6 $1 {[%csl Rc1,Rc5,Re3][%cal Ga8c8,Ge6e3]} (19...
Qxc5 $6 20. Rxc5 Rac8 $5 (20... axb5 $143 21. Ke2 $14) 21. Rxc8 (21. Rc6 axb5
$11) 21... Rxc8 22. Ke2 (22. bxa6 $4 Rc1+ 23. Ke2 Rxh1 24. Nf1 (24. a7 Ra1 $19)
24... Nd7 $19 {[%csl Ra8][%cal Gd7b6,Gb6a8]}) 22... axb5 23. Ra1 $14 {><b5})
20. O-O axb5 $11 {[%csl Rb5,Re3] ><b5=><e3} 21. Qd4 (21. Rfe1 $5) 21... Ra4 22.
Qd3 (22. b4 Re8 23. Rfe1 Qe5 $5 $11 {[%csl Rb4,Rd4][%cal Yd4b4,Ge5d4,Ga4b4]})
22... Qe5 $6 (22... Ra2 $5) (22... Rfa8 $5) 23. Rc2 Re8 {[%csl Re3]} 24. Re1
$14 {[%csl Rb5]} h5 $6 (24... Ra2 $6 25. Nb3 $1 {/\25...Rb2? 26.f4!+/-} (25.
Qxb5 $6 Rb8 26. Qc5 Raxb2 27. Rxb2 Qxb2 $1 (27... Rxb2 $143 28. Nc4 $1 {
[%csl Rb2,Re5][%cal Gc4b2,Gc4e5]} Rc2 29. Nxe5 Rxc5 30. Rb1 $14) 28. Rb1 Qe5
29. Rxb8+ Qxb8 $11) 25... b4 26. Nd4 $14) (24... d4 $5) 25. Qxb5 Raa8 $5 {
[%csl Rb2][%cal Ga8b8]} (25... Rea8 $143 26. Nf1 $16) (25... Ra2 $143 26. Qb3
Rea8 27. Rec1 $16 {[%cal Gc2c8]}) 26. Qc5 (26. Qd3 $5) 26... h4 $5 {[%csl Rg1]
[%cal Gh4h3]} 27. h3 $5 $16 (27. b4 $143 h3 28. g3 Ra3) 27... Nh5 {[%cal Gh5g3]
} (27... d4 28. Qxe5 Rxe5 29. Nc4 $16) 28. Nf1 Ng3 (28... Ra2 29. b4 Rxc2 30.
Qxc2 $16) 29. Rd2 $5 {[%csl Rd5]} (29. Nxg3 $143 hxg3 $5 {עg1} (29... Qxg3 30.
Rd1 Re5 {[%csl Rg1][%cal Ga8e8]})) 29... Rad8 30. Qd4 (30. b4 $142) 30... Qg5
31. Qg4 $5 {[%csl Rg3,Rg5]} Qh6 (31... Qxg4 32. hxg4 Nxf1 33. Kxf1 Rb8 34. Ree2
$16) 32. Nxg3 hxg3 33. Qxg3 (33. Rd3 $5 {><g3}) 33... Rxe3 34. Rxe3 Qxe3+ 35.
Qf2 Qe5 36. f4 (36. Qd4 Qg3) 36... Qf5 $16 {Draw was agreed as it had
garanteed qualifing for Dreev.} 1/2-1/2

[Event "Karpov-Piket Match"]
[Site "Monte Carlo"]
[Date "1999.02.26"]
[Round "5"]
[White "Piket, Jeroen"]
[Black "Karpov, Anatoly"]
[Result "1/2-1/2"]
[WhiteElo "2619"]
[BlackElo "2710"]
[Annotator "Golod,V"]
[PlyCount "82"]
[EventDate "1999.02.21"]
[EventType "match"]
[EventRounds "8"]
[EventCountry "MNC"]
[SourceTitle "CBM 070"]
[Source "ChessBase"]
[SourceDate "1999.06.08"]
[SourceVersion "1"]
[SourceVersionDate "1999.06.08"]
[SourceQuality "1"]

1. d4 {Piket} Nf6 2. c4 e6 3. Nc3 Bb4 4. Qc2 O-O 5. a3 Bxc3+ 6. Qxc3 b6 7. Bg5
Bb7 8. f3 h6 9. Bh4 d5 10. e3 Nbd7 11. cxd5 $5 {Besides,white has two options:}
(11. Nh3) ({and} 11. Bd3) 11... Nxd5 12. Bxd8 Nxc3 13. Bh4 $5 ({There are
three alternatives:} 13. Be7 $6) (13. Bxc7 $5) (13. bxc3 $6) 13... Nd5 14. Bf2
f5 $5 {/\e5-e4} ({In my opinion slightly worse is:} 14... c5 {-see comments to
Teplitsky,Y-Gershon,A/Bermuda,1999/CBM 69(1/2-1/2)(Golod,V)(27)and Kramnik,
V-Adams,M/Linares,1999/CBM70 (1-0)(Golod,V)(38)}) 15. Bb5 $5 {Is the best move.
Other alternatives are:} (15. Bc4 $143) ({and} 15. Bd3 {From 15.Bd3 to 20...
Re7of this game,you can see comments in the game:Gelfand,B-Tiviakov,S/Elista,
1998/CBM 65(1/2-1/2)(Golod,V)(23)}) 15... c6 16. Bd3 e5 17. Ne2 Rae8 18. Rc1 $6
(18. O-O $142) 18... exd4 19. exd4 N7f6 $11 20. O-O (20. Kd2 $2 Ne4+ $1 $15 {
[%csl Rd3,Rf2]}) 20... Re7 21. Rfe1 $5 $146 {[%csl Rf5][%mdl 8]} (21. Bg3 $143
{[%cal Gg3d6]} Rd8 22. Rfe1 f4 $1 23. Nxf4 $11 {1/2-1/2 Gelfand,B-Tiviakov,S/
Elista,1998/CBM 65(Golod,V)(23)} (23. Nxf4 Rxe1+ 24. Rxe1 Nxf4 25. Bxf4 Rxd4
26. Re7 Rxd3 (26... Bc8 $2 27. Be4 $14) 27. Rxb7 $11)) 21... Rfe8 $5 {[%csl
Re2]} ({Worse is:} 21... f4 22. Nc3 Ne3 (22... Rfe8 23. Rxe7 Rxe7 24. Ne4 $14)
23. Ne4 {or 23.Nd1+/=}) 22. Nc3 ({Senseless:} 22. Ng3 {in view of:} g6 {
[%csl Yf5,Rg3,Yg6]}) 22... g6 $5 ({Good enough for equality:} 22... Rxe1+ 23.
Rxe1 Rxe1+ 24. Bxe1 Bc8) ({Worse right away:} 22... f4 {because of:} 23. Rxe7
Rxe7 24. Ne4 $36 {[%csl Ge4]}) 23. Bc4 $5 {/\Bg3(><e5)} (23. Rxe7 {Piket} Rxe7
24. Re1) 23... f4 $1 {[%csl Gf4][%cal Gf4e3,Gf4g3]} 24. Rxe7 $5 ({Can be
recommended:} 24. Bd3 Rxe1+ (24... Kg7 $143 25. Ne4 {+/=/=}) 25. Bxe1 Kf7 26.
Ne4) 24... Rxe7 $140 25. g3 {[%csl Rf4,Rg8][%cal Gg3f4]} Kg7 {Is the better
move,than:} (25... g5 $6 26. gxf4 gxf4 27. Bh4 Rg7+ 28. Kf2 $36) ({and} 25...
fxg3 26. Bxg3 $1 $14 {[%csl Re5][%cal Gg3e5]}) 26. Nxd5 (26. Ne2 $5 {Piket
Nikolic}) 26... Nxd5 ({After:} 26... cxd5 $2 27. Bd3 {white has a big
advantage in the endgame.}) 27. Bxd5 $1 {only chance srruggle for advantage.}
cxd5 28. gxf4 Rf7 $1 {[%csl Gc1,Rf4][%cal Gf7f6,Gf6c6]} (28... Ba6 {Piket} 29.
Rc3 $14) 29. Bg3 (29. Be3 $144) 29... Rf6 {[%cal Gf6c6] '?!' Piket.} 30. Rc7+
Rf7 31. Rc3 Rf6 32. f5 $5 {Differently draw right away.} Rxf5 33. Bb8 {[%csl
Ra7,Rb6]} a6 34. Bc7 {'?' Piket.} (34. Be5+ {Piket} Kg8 35. a4 $1 g5 $5 (35...
b5 36. axb5 axb5 37. Kf2) 36. Kf2 (36. Rb3 b5 37. axb5 axb5 38. Rxb5 Ba6))
34... b5 35. Be5+ Kg8 36. Kf2 Rf8 $1 {[%cal Gf8c8]} 37. Rc7 Rf7 38. Rc5 Rf8 39.
Ke3 ({Also equality after:} 39. Rc2 Rc8 40. Re2 Kf7 $11) 39... Rc8 40. Rxc8+ (
40. b4 Kf7 41. h4 Ke6 $11) 40... Bxc8 {[%csl Yc8,Ge5]} 41. Kd3 a5 1/2-1/2

[Event "EU-chT (Men) 12th"]
[Site "Batumi"]
[Date "1999.12.03"]
[Round "5.1"]
[White "Kozul, Zdenko"]
[Black "Nisipeanu, Liviu Dieter"]
[Result "1/2-1/2"]
[WhiteElo "2612"]
[BlackElo "2584"]
[Annotator "Golod,V"]
[PlyCount "100"]
[EventDate "1999.11.06"]
[EventType "team-swiss"]
[EventRounds "9"]
[EventCountry "GEO"]
[SourceTitle "CBM 074"]
[Source "ChessBase"]
[SourceDate "2000.02.01"]
[SourceVersion "1"]
[SourceVersionDate "2000.02.01"]
[SourceQuality "1"]
[WhiteTeam "Croatia"]
[BlackTeam "Romania"]
[WhiteTeamCountry "CRO"]
[BlackTeamCountry "ROU"]

1. d4 Nf6 2. c4 e6 3. Nc3 Bb4 4. Qc2 O-O 5. a3 Bxc3+ 6. Qxc3 b6 7. e3 {
Relatively rare move.} (7. Bg5 $5 {Is the main line,another possibilities is:7.
Nf3!?;7.g3;7.b4.}) 7... Bb7 8. b3 $5 {[%cal Gc1b2] Besides,white has several
options: 8.b4!?;8.Nf3!? and 8.f3} d6 ({Another alternative is:} 8... d5 $5 9.
Nf3 Nbd7 10. Be2 dxc4 (10... Rc8 $5 11. O-O c5 $10 {Nikitin,A}) 11. bxc4 c5 12.
O-O Rc8 13. Bb2 cxd4 14. exd4 b5 $5 $10 {See comments to Karpov,A-Kasparov,G/
USSR(ch),1988/Inf 46/752 (1/2-1/2)(Karpov,An) (30)}) 9. Bb2 ({In my opinion a
little worse is:} 9. f3 {(/\ Bd3, Ne2)} c5 (9... Nbd7 $5 10. Bd3 e5 11. Bf5 Re8
12. Ne2 e4 13. f4 d5 $11 {Arlandi,E-Greenfeld,A/Haifa(EU-chT),1989 (0-1)(31)})
10. dxc5 (10. Bb2 $143 Qe7 11. Nh3 cxd4 12. Qxd4 e5 13. Qh4 Nbd7 14. e4 Rfc8
15. Qf2 Nc5 16. Qe3 b5 $36 {Akhsharumova,A-Suba,M/Hastings,1988 (1/2-1/2)(74)})
10... bxc5 11. Bd3 a5 12. Ne2 Nbd7 (12... Nc6 $142) 13. a4 Ne5 14. Bc2 Nc6 15.
Bb2 Nb4 16. Rd1 Re8 17. O-O d5 $13 {Seirawan,Y-Ehlvest,J/Rotterdam,1989(1/2-1/
2)(24)}) 9... Nbd7 10. f3 $146 {[%csl Gb7,Yf3] /\Bd3,Ne2,0-0 and so on.} (10.
Rd1 {-was checked in the previous game of the Eu-chT Batumi,1999} Ne4 11. Qc2
f5 12. Nh3 Qh4 $132 {Kozul,Z-Kacheishvili,G (1/2-1/2)(71)}) 10... c5 {[%cal
Gc5d4] Is the best move.} ({Dubious:} 10... e5 11. d5 $140 e4 12. Ne2 {/\13.
Nd4 or Ng3 with positional advantage of white.}) 11. Bd3 (11. dxc5 $143 bxc5
12. Rd1 Qb6 {[%csl Rb3] =/=/+}) 11... cxd4 12. exd4 ({Much worse is:} 12. Qxd4
d5 $36) 12... Rc8 {[%cal Gd6d5]} ({Also good enough:} 12... d5 13. Ne2 ({Badly:
} 13. c5 $2 {in view of:} Rc8 14. b4 $140 e5 $1 15. dxe5 Nxe5 $36) 13... Rc8
14. Qd2 {-transfer to 12...Rc8}) 13. Qd2 ({Weakly right away:} 13. Ne2 {
because of:} b5 $36) 13... d5 $11 14. Ne2 dxc4 15. bxc4 Qc7 {[%cal Ge6e5]} ({
In my opinion slightly better is:} 15... Re8 {/\e5}) 16. O-O e5 17. Bf5 ({
Worse is:} 17. d5 {because of:} Ba6 {[%csl Rc4]} 18. Rac1 Nc5 {[%csl Rc1,Rd2]
[%cal Gc5b3]} 19. d6 (19. Bc2 $5) 19... Qc6 (19... Qxd6 $4 20. Bxh7+ {[%csl
Rd6]}) 20. Bxe5 $140 Nb3 21. Qg5 Qc5+ $1 22. Kh1 h6 23. Qf5 Nxc1 24. Rxc1 Rce8
25. Bxf6 (25. f4 $4 Bc8 $19 {[%csl Rf5]}) 25... Qxf5 26. Bxf5 Rxe2 27. Be7 Re8
(27... Rb8 $5 $15) 28. d7 R2xe7 29. dxe8=Q+ Rxe8 30. Kg1 Re5 $15 {_|_}) (17.
Rfe1 $5) 17... Rcd8 $5 {[%csl Rc4,Rc8,Yd8][%cal Yc8d8]} ({Loses right away:} 
17... Qxc4 $2 18. dxe5 {[%csl Rd7,Yf6][%cal Ge5f6]} Qd5 19. Rad1 Rc7 (19...
Rfd8 20. Qf4 $18) 20. Qf4 Nh5 (20... Qc5+ 21. Bd4 $18) 21. Qg4 $18) ({Also can
be recommended:} 17... exd4 $5 18. Bxd4 Rcd8 19. Rad1 $13) 18. Qc2 exd4 19.
Nxd4 (19. Bxd4 $143 Rfe8 20. Rfd1 Ne5 {[%csl Rc4] =/=/+}) 19... Ne5 20. c5 $1 {
Differently,after:} (20. Rac1 $6 Qc5 21. Qf2 Rfe8 {black has a positional
advantage.}) 20... Ba6 $1 {This move better than:} (20... Qxc5 21. Qxc5 bxc5
22. Nb3 $44 {[%csl Rc5,Re5]}) ({or} 20... bxc5 21. Nb5 Qb8 (21... Qb6 $2 22.
Bxe5 Qxb5 23. Bxf6 gxf6 24. Rab1 $16) 22. Rfe1 $44 (22. Nxa7 $5 {[%csl Re5]}) (
22. Qxc5 $4 Rd5 23. Qb4 Nc6 $19 {[%csl Rb5,Rf5]})) 21. Rfc1 Nc4 22. Ne6 $1 {
[%mdl 64] Beautiful tactical trick!} (22. Bd3 $143 Nxb2 23. Bxa6 bxc5 $1 (23...
Rxd4 24. Qxb2 Qe5 {[%cal Gd4d1]} (24... bxc5 $4 25. Qxd4 $18 {[%csl Rc7]}) 25.
Qe2 Qxe2 26. Bxe2 $11) 24. Nb5 Qb6 25. Qxb2 Nd7 $1 $15 {[%csl Ra6,Yd7][%cal
Yd7c5]}) 22... fxe6 $8 23. Bxe6+ Kh8 24. Bxc4 Qxc5+ 25. Kh1 $4 {[%mdl 8192]
Gross tactical blunder.} ({It is necessary:} 25. Qf2 Qxf2+ 26. Kxf2 Bxc4 (26...
Rd2+ 27. Kg1 $8 (27. Kg3 $2 Nh5+ 28. Kh4 Bxc4 29. Rxc4 Rxb2 30. Kxh5 Rxg2 $19)
27... Bxc4 (27... Rxb2 $143 28. Bxa6 $11) 28. Bxf6 {-transfer to 26...Bxc4})
27. Bxf6 Rd2+ 28. Kg1 (28. Kg3 gxf6 29. Rxc4 b5 $36 {[%csl Rg3]}) 28... gxf6
29. Rxc4 Re8 $15 {[%cal Ge8e2]}) 25... Rc8 $4 {[%mdl 8192] Probably black
blundered(as well as white), because he didn't see 26...Rd1+ (after 25...Bxc4
26.Qxc4) or because of zeitnot.} ({Win right away:} 25... Bxc4 26. Qxc4 $140 (
26. Bxf6 $144 gxf6 (26... Rxf6 $4 {[%cal Gb6b5]} 27. Qxc4 Rd1+ $1 28. Rxd1 Qxc4
29. Rd8+ Qg8 30. Rxg8+ Kxg8 $15) 27. Qxc4 Rd1+ $1) 26... Rd1+ $1 {[%csl Rc4,
Rh1][%cal Yc1d1,Yc1c4][%mdl 64]} 27. Rxd1 Qxc4 $19) 26. Bb3 Qe3 {[%csl Rb3,Rc2]
} ({Senselessly:} 26... Qb5 27. Qd1 $140 Rcd8 28. Qc2 Rc8 29. Qd1 $11 (29. Bc3
$5 {[%csl Gb3,Gc3]})) 27. Bc3 (27. Qd1 $4 {is refuted by:} Rcd8 {[%csl Rb3]}
28. Qc2 $140 Rd2 29. Qc3 Qf2 $19 {[%csl Rb2,Rg2]}) 27... Bc4 ({Dubious:} 27...
Rc5 {/\28...Rfc8 in view of:} 28. Qd2 {+/=/=}) 28. Bxc4 Rxc4 29. Qd2 Qxd2 {
Black transfers to equal endgame.} 30. Bxd2 {[%mdl 4096]} Rfc8 31. Kg1 {
/\32.Kf2 and merely afterward: Rxc4.} Kg8 {[%cal Gg8f7]} 32. Kf2 Kf7 33. Rxc4
Rxc4 34. Rc1 (34. Ke3 $143 Nd5+ 35. Kd3 b5 {=/=/+}) 34... Rxc1 35. Bxc1 Ke6 {
[%csl Ra3][%cal Ge6d5,Gd5c4]} (35... Nd5 $143 36. Ke2 b5 37. Kd3 Ke6 38. Kd4 {
with slight advantage of white.}) 36. Bb2 Ne8 $5 {[%csl Ye8][%cal Ye8g7,Ge6d5]}
37. Ke3 Kd5 38. g4 {White's plan is:f4-f5,g5,Kf4 and f6.} b5 ({Perilously:} 
38... Kc4 39. f4 $140 Kb3 $2 {[%csl Ra3]} 40. Bd4 $1 {[%csl Ra7,Rb6,Gd4]} Kxa3
41. f5 h6 42. h4 Kb4 43. g5 hxg5 44. hxg5 Kc4 45. Bxg7 $1 $18 (45. f6 $2 gxf6
46. gxf6 Nd6 $17)) 39. f4 g6 {/\40...Nd6(><f5)} 40. f5 gxf5 41. gxf5 Nd6 42.
Kf4 Nc4 43. Bc1 $8 {[%csl Ra3,Yc1][%cal Yc1a3]} a5 44. Kg5 b4 45. axb4 axb4 46.
h4 ({Also draw after:} 46. Kh6 Ke5 47. Kxh7 Kxf5 48. Kg7 b3 (48... Ne5 49. h4
Kg4 50. Kf6 Nd3 51. Bd2 b3 52. Bc3 Kxh4 53. Kf5 $11 {[%cal Gf5e4]}) 49. h4 Kg4
50. Kf6 Kxh4 51. Ke6 Kg4 52. Kd5 Na5 53. Kc5 $11 {[%cal Gc5b4]}) 46... b3 47.
h5 {[%csl Gh5,Rh7][%cal Gg5h6,Gh6h7]} Ke5 (47... b2 $144 48. Bxb2 Nxb2 49. Kh6
Ke5 50. Kxh7 Kxf5 51. h6 Nd3 52. Kg7 Ne5 53. h7 Ng6 $11) 48. Bf4+ Kd5 49. Bc1
Ke5 50. Bf4+ (50. Kh6 $144 Nd6 (50... Kxf5 51. Kxh7 b2 52. Bxb2 Nxb2 53. Kg7
Nd3 54. h6 Ne5 55. h7 Ng6 $11) 51. Kxh7 Kf6 52. Kg8 Nxf5 53. Bb2+ Kg5 54. Kf7
Kxh5 55. Ke6 Ne3 56. Ke5 Nc4+ 57. Kd4 Nxb2 58. Kc3 $11 {[%csl Rb3]}) 50... Kd5
{Despite the tactical mistakes the game very interesting.} 1/2-1/2